Statistics for Multiples of 18 Quiz

Click here to take the quiz!

General Stats

  • This quiz has been taken 126 times
  • The average score is 24 of 25

Answer Stats

Answer% Correct
18
100%
108
99%
126
99%
144
99%
36
99%
54
99%
72
99%
90
99%
162
97%
180
96%
198
96%
216
95%
234
95%
252
95%
270
95%
288
95%
306
93%
324
93%
342
93%
360
93%
378
93%
396
93%
414
92%
432
91%
450
89%

Score Distribution

Percentile by Number Answered

Percent of People with Each Score

Your Score History

You have not taken this quiz